[Event "Erfurt AT op 25th"]
[Site "Erfurt"]
[Date "2015.12.27"]
[Round "1"]
[White "Bloss, Silvia"]
[Black "Jungklaus, Lars"]
[Result "0-1"]
[WhiteElo "1455"]
[BlackElo "1629"]
[PlyCount "88"]
[EventDate "2015.12.27"]
[EventType "swiss"]
[EventRounds "7"]
[EventCountry "GER"]
[SourceTitle "EXT 2021"]
[Source "ChessBase"]
[SourceDate "2020.10.23"]
[SourceVersion "1"]
[SourceVersionDate "2020.10.23"]
[SourceQuality "1"]

1. d4 d5 2. Nf3 e6 3. Bf4 Nf6 4. e3 Bd6 5. Bg3 0-0 6. Bd3 b6 7. c3 Bb7 8. Nbd2 Qe7 9. Bh4 Nbd7 10. 0-0 Qe8 11. Bg3 Bxg3 12. fxg3 c5 13. Qe2 a6 14. Rab1 b5 15. a3 Qb8 16. b4 c4 17. Bc2 Re8 18. Qf2 Bc6 19. h3 Qd6 20. g4 Rf8 21. Bxh7+ Nxh7 22. g5 Qe7 23. Qg3 Rfe8 24. h4 e5 25. g6 fxg6 26. Qxg6 Qe6 27. h5 Qxg6 28. hxg6 Nhf6 29. Nh4 exd4 30. exd4 Re2 31. Rbd1 Ne4 32. Nxe4 Rxe4 33. Nf5 Rf8 34. Nd6 Re6 35. Rxf8+ Nxf8 36. Nf7 Rxg6 37. Ne5 Re6 38. Rf1 Nd7 39. Rf7 Nxe5 40. Ra7 Ng4 41. g3 Be8 42. Kg2 Ne3+ 43. Kf3 Nd1 44. g4 Nxc3 0-1

[Event "GER-chT North U12"]
[Site "Magdeburg"]
[Date "2014.09.13"]
[Round "5.2"]
[White "Jungklaus, Lars"]
[Black "Wettlaufer, Tilo"]
[Result "1/2-1/2"]
[WhiteElo "1260"]
[BlackElo "1143"]
[PlyCount "112"]
[EventDate "2014.09.11"]
[EventType "team-swiss"]
[EventRounds "7"]
[EventCountry "GER"]
[SourceTitle "EXT 2016"]
[Source "ChessBase"]
[SourceDate "2015.10.08"]
[SourceVersion "1"]
[SourceVersionDate "2015.10.08"]
[SourceQuality "1"]
[WhiteTeam "Doellnitz"]
[BlackTeam "Bremen West"]
[WhiteTeamCountry "GER"]
[BlackTeamCountry "GER"]

1. d4 d5 2. c4 e6 3. Nc3 Nf6 4. e3 c5 5. Be2 Nc6 6. Nf3 Qb6 7. b3 Bd7 8. Bb2 0-0-0 9. Ng5 Be8 10. 0-0 Qc7 11. Nb5 Qb8 12. a3 h6 13. Nf3 a6 14. Nc3 Qa7 15. Qc2 g6 16. Rfb1 Bg7 17. dxc5 Qxc5 18. b4 Qd6 19. cxd5 Nxd5 20. Nxd5 Bxb2 21. Qxb2 Rg8 22. Nb6+ Kc7 23. Nc4 Qe7 24. Rd1 f6 25. Rxd8 Nxd8 26. Rc1 Kb8 27. Qd4 Nf7 28. Nb6 Bc6 29. Bxa6 Rd8 30. Qc3 Ka7 31. Nd4 Kxb6 32. Nxc6 bxc6 33. Qxc6+ Ka7 34. b5 Ne5 35. Qc3 Qd7 36. h3 g5 37. f4 gxf4 38. exf4 Ng6 39. g3 Qd4+ 40. Qxd4+ Rxd4 41. Kg2 Rd2+ 42. Kf3 Rd3+ 43. Kg2 Rxa3 44. Rc7+ Kb8 45. Rg7 Ra2+ 46. Kf3 Ra3+ 47. Kg4 f5+ 48. Kh5 Rxg3 49. Kxh6 Rxh3+ 50. Kxg6 Rh4 51. Kf6 Rxf4 52. Kxe6 Rf1 53. b6 Rb1 54. b7 Rb6+ 55. Ke5 Rxa6 56. Kxf5 Rb6 1/2-1/2